Hasta no verte Jesús mío /
Сохранить в:
| Главный автор: | |
|---|---|
| Формат: | Неизвестно |
| Язык: | Spanish |
| Опубликовано: |
Cuba :
Casa de las Américas,
1992.
|
| Серии: | (Colección Literatura Latinoamericana)
|
| Предметы: | |
| Метки: |
Добавить метку
Нет меток, Требуется 1-ая метка записи!
|
MARC
| LEADER | 000000000a22000000004500 | ||
|---|---|---|---|
| 001 | 001885 | ||
| 041 | 0 | |a spa | |
| 082 | 0 | 4 | |a M863.4 |b P797h |
| 100 | 1 | |a Poniatowska, Elena, |d 1933- | |
| 245 | 1 | 0 | |a Hasta no verte Jesús mío / |c Elena Poniatowska. |
| 260 | 1 | |a Cuba : |b Casa de las Américas, |c 1992. | |
| 300 | |a 563 páginas | ||
| 490 | 1 | |a (Colección Literatura Latinoamericana) | |
| 650 | 4 | |a LITERATURA MEXICANA | |
| 650 | 4 | |a NOVELA | |
| 999 | |c 8531 |d 8531 | ||
| 942 | |c BK |h M863.4 P797h |2 z | ||
